000 00548nam a2200205Ia 4500
005 20250923144730.0
008 008 250917s9999 xx 000 0 eng d
037 _aTextual
040 _aDSWL
_beng
_cDSWL
041 _aeng
_2eng
084 _qDSWL
100 _aBopegamage, A.
_9827835
245 0 _aDelhi: Study in Urban sociology
_cby A. Bopegamage
260 _aBombay
_bBombay University of Bombay
_c1957
300 _a236p.
365 _aINR
_b21.50
925 _g21.50
942 _cTEXL
999 _c1442627
_d1442627